MARC

LEADER 00000nam0a2200000 4500
001 373989
005 20231102012620.0
035 |a (RuTPU)RU\TPU\retro\31422 
035 |a RU\TPU\book\292601 
090 |a 373989 
100 |a 20221216d1905 km y0rusy50 ca 
101 0 |a rus 
102 |a RU 
105 |a a z 000zy 
200 1 |a История паровоза за 100 лет (1803-1903)  |f сост. Я. В. Шотлендер 
210 |a Санкт-Петербург  |c Типография М. П. С.  |d 1905 
215 |a 415 с.  |c ил. 
606 |a Паровозы  |x Расчет и конструкция  |x Эксплуатация  |2 stltpush  |3 (RuTPU)RU\TPU\subj\48169  |9 67046 
610 1 |a история 
610 1 |a изобретение 
610 1 |a развитие 
610 1 |a усовершенствование 
610 1 |a классификация 
610 1 |a обслуживание 
610 1 |a 19 век 
610 1 |a 20 век 
675 |a 629.422  |v 3 
702 1 |a Шотлендер  |b Я. В.  |4 220 
801 1 |a RU  |b 63413507  |c 20140918 
801 2 |a RU  |b 63413507  |c 20221216  |g RCR 
942 |c BK